000 01262nam a2200265Ia 4500
999 _c40542
_d40542
001 7153
003 GE_BSU
005 20230912142449.0
008 181216s2012||||ge |||||||||||||| ||und||
020 _a978994119276
040 _cGE_BSU
041 _ageo
080 _a821.111-31 თ-43
100 _aთეკერეი, უილიამ
_912653
245 _aამაოების ბაზარი :
_bრომანი ტ.2 /
_cუილიამ თეკერეი ; ალექსანდრე გამყრელიძის თარგმანი ; რედ. ლია შარვაშიძე.
264 _aთბილისი :
_bპალიტრა L,
_c2012.
300 _a471 გვ. ;
_c22 სმ.
490 _a50 წიგნი, რომელიც უნდა წაიკითხო სანამ ცოცხალი ხარ
_vწ. 29
_xISBN : 9789941192791
541 _h10ლ.
653 _aამაოების ბაზარი
653 _aრომანი
700 _aგამყრელიძე, ალექსანდრე
_eმთარგმნელი
_912654
700 _aშარვაშიძე, ლია
_eრედაქტორი
_95787
942 _cBK
_2udc